000 01166nam a22003617a 4500
003 CHAP
005 20220329134327.0
008 971013s1983 r 00010 d
010 _a18796
011 _a19768
035 _a23853
040 _cCHAP
090 _aFolleto 9606
100 0 0 _aAlvarado, Leticia J.
_94851
245 _aDaños de insectos de suelo en semillas de plantas cultivadas
260 _aPergamino :
_bINTA. Estación Experimental Regional Agropecuaria Pergamino,
_c1983
300 _a7 p
490 _aInforme técnico
_v; 180
590 _aBATCH-UPD
_b10
_c20130110
_lUCH01
_h0242
590 _aBATCH-UPD
_b10
_c20130110
_lUCH01
_h1801
590 _aBATCH-UPD
_b10
_c20130409
_lUCH01
_h2309
590 _aBATCH-UPD
_b10
_c20130410
_lUCH01
_h1255
590 _aBATCH-UPD
_b10
_c20130914
_lUCH01
_h1218
590 _aCONVERSION
_b10
_c20130109
_lUCH01
_h1311
650 1 4 _aDípteros.
_933715
650 1 4 _aElateridae.
_936185
650 1 4 _aEscarabajos.
_937465
650 1 4 _aSemillas
_xPlagas.
_9103924
830 0 _aInforme técnico
_v; 180
_958143
901 _aBK
942 _cFOLL
949 _aFolleto 9606
_bBC
_cFOLL
_d-55289
_eTS1
_i23853
_mD
_si
999 _c18796
_d18796